Spanish Lesson 5 Adjectives - Statistics

General Stats
  • This quiz has been taken 238 times
  • The average score is 55 of 76
Answer Stats
English Spanish % Correct
bad (f.) mala
95%
bad (m.) malo
95%
new (m.) nuevo
94%
good (m.) bueno
92%
new (f.) nueva
92%
good (f.) buena
91%
fantastic (m.) fantástico
91%
fantastic (f.) fantástica
89%
easy fácil
88%
first (m.) primero
88%
difficult difícil
86%
happy feliz
86%
great/big/large grande
86%
intelligent inteligente
86%
interesting interesante
86%
first (f.) primera
86%
rich (m.) rico
86%
sad triste
86%
old (m.) viejo
86%
rich (f.) rica
84%
old (f.) vieja
84%
fat (m.) gordo
83%
fast/quick (m.) rápido
83%
cheap (m.) barato
81%
fat (f.) gorda
81%
fast/quick (f.) rápida
81%
cheap (f.) barata
80%
other/another (m.) otro
80%
other/another (f.) otra
78%
long (m.) largo
77%
tall (m.) alto
75%
pretty (m.) bonito
75%
excellent excelente
75%
ugly (m.) feo
75%
small/little (f.) pequeña
75%
small/little (m.) pequeño
75%
tall (f.) alta
73%
pretty (f.) bonita
73%
ugly (f.) fea
73%
young joven
73%
long (f.) larga
73%
dangerous (m.) peligroso
73%
tired (f.) cansada
72%
tired (m.) cansado
72%
angry (f.) enojada
72%
angry (m.) enojado
72%
dangerous (f.) peligrosa
72%
same (m.) mismo
70%
each cada
69%
sick (m.) enfermo
69%
strong fuerte
69%
sick (f.) enferma
67%
same (f.) misma
67%
last (m.) último
67%
last (f.) última
66%
handsome/beautiful (m.) hermoso
63%
poor pobre
63%
shy (m.) tímido
63%
handsome/beautiful (f.) hermosa
61%
shy (f.) tímida
61%
thin (m.) delgado
58%
thin (f.) delgada
56%
marvelous (m.) maravilloso
56%
certain (f.) cierta
55%
certain (m.) cierto
55%
former/ancient (m.) antiguo
53%
marvelous (f.) maravillosa
53%
proud (m.) orgulloso
53%
noisy (m.) ruidoso
53%
former/ancient (f.) antigua
52%
proud (f.) orgullosa
52%
noisy (f.) ruidosa
50%
tasty/delicious (m.) sabroso
48%
nice (f.) simpática
48%
nice (m.) simpático
48%
tasty/delicious (f.) sabrosa
47%
No matching quizzes found
Score Distribution
Percent of People with Each Score
Percentile by Number Answered
Your Score History
You have not taken this quiz